000 00293nam a2200109Ia 4500
001 1261137
005 20260417140346.0
008 260417s9999 xx 000 0 und d
020 _a9786051858036
245 0 _aİstanbul ve Pierre Loti
_cAbdülhak Şinasi Hisar
260 _bEverest Yayınları
999 _c1261137
_d1261137